000 00931nam a2200265Ia 4500
003 OSt
005 20220923211041.0
006 a|||||r|||| 00| 0
007 ta
008 Pun
020 _a8173291799
_c150
024 _a260,576
037 _b654, 22/03/2012, H.K. Prakashan
_cTextual
040 _aARTS
_cARTS
_bPun
041 _2Pun
_aPun
082 _aO153,2:g, P6
100 _aਸਿੱਧੂ, ਚਰਨਦਾਸ
_9156318
245 0 _aਨਾਟਕ ਕਿਵੇ੍ਵ ਬਣੌਣਾ
_b ਨਾਟ ਕਲਾ ਦੀਆਂ ਗੱਲਾਂ ਬਾਤਾਂ
260 _aਦਿੱਲੀ
_b Fਿਲਾਲੇਖ ਪ੍ਰਕਾFਨ
_c2006
300 _a143ਪੰ
_ccm.
650 _a ਪੰਜਾਬੀ ਨਾਟਕ
_9156368
650 _aਪੰਜਾਬੀ ਸਾਹਿਤ
942 _hO153,2:g, P6
_cTEXL
_2CC
999 _c294502
_d294502